The New Mutants Quiz (SPOILERS) - Statistics

General Stats
  • This quiz has been taken 11 times
  • The average score is 5 of 6
Answer Stats
Actor Role % Correct
Anya Taylor-Joy Illyana Rasputin
100%
Maisie Williams Rahne Sinclair
89%
Henrique Zaga Roberto da Costa
89%
Charlie Heaton Sam Guthrie
78%
Blu Hunt Dani Moonstar
67%
Alice Braga Dr. Reyes
56%
No matching quizzes found
Score Distribution
Percent of People with Each Score
Percentile by Number Answered
Your Score History
You have not taken this quiz